BSOP header

A dictionary of Bible symbols / (Record no. 3039)

MARC details
000 -LEADER
fixed length control field 00639nam a2200193 4500
008 - FIXED-LENGTH DATA ELEMENTS--GENERAL INFORMATION
fixed length control field 010817s1992 enk engLO
020 ## - INTERNATIONAL STANDARD BOOK NUMBER
International Standard Book Number 0946462275
090 ## - LOCALLY ASSIGNED LC-TYPE CALL NUMBER (OCLC); LOCAL CALL NUMBER (OCLC)
Classification number (OCLC) (R) ; Classification number, CALL (RLIN) (NR) BS477
Local cutter number (OCLC) ; Book number/undivided call number, CALL (RLIN) Ow2
100 1# - MAIN ENTRY--PERSONAL NAME
Personal name Owen, W Stuart
245 10 - TITLE STATEMENT
Title A dictionary of Bible symbols /
Statement of responsibility, etc prepared by W. Stuart Owen; rev. and enlarged by P. A. Grist and R. Dowling.
260 ## - PUBLICATION, DISTRIBUTION, ETC. (IMPRINT)
Place of publication, distribution, etc London:
Name of publisher, distributor, etc Grace Publication Trusst,
Date of publication, distribution, etc c1992.
300 ## - PHYSICAL DESCRIPTION
Extent xx, 148 p.
650 #4 - SUBJECT ADDED ENTRY--TOPICAL TERM
Topical term or geographic name as entry element Bible
General subdivision Dictionaries.
650 #4 - SUBJECT ADDED ENTRY--TOPICAL TERM
Topical term or geographic name as entry element Signs and symbols.
650 #4 - SUBJECT ADDED ENTRY--TOPICAL TERM
Topical term or geographic name as entry element Symbolism in the Bible.
700 1# - ADDED ENTRY--PERSONAL NAME
Personal name Dowling, R.
700 1# - ADDED ENTRY--PERSONAL NAME
Personal name Grist, P. A.
951 ## - EQUIVALENCE OR CROSS-REFERENCE-GEOGRAPHIC NAME/AREA NAME [OBSOLETE] [CAN/MARC only]
-- 14256
-- BS477/Ow2
-- 070613110947250
-- 2000-12-21
-- REF
Holdings
Withdrawn status Lost status Damaged status Not for loan Home library Current library Shelving location Date acquired Accession number Shelving control number Total Checkouts Full call number Date last seen Price effective from Koha item type
        BSOP Library BSOP Library Reference 12/21/2000 14256 127   BS477/Ow2 02/23/2013 02/23/2013 Books
BSOP

Biblical Seminary of the Philippines
  All rights Reserved
  © 2024

CONTACT INFORMATION

Biblical Seminary of the Philippines,
  77-B Karuhatan Road, Valenzuela City,
  PHILIPPINES 1441
  Phone: +632 8292-6795 / 8292-6798
  Fax : +632 8292-6675
  Email: library@bsop.edu.ph